000 00324nam a2200133Ia 4500
005 20260328104254.0
008 260328s9999||||xx |||||||||||||| ||und||
100 _aMontezemolo, Fiamma
245 0 _aHere is Tijuana! /
_cFiamma Montezemolo
260 _bBlack Dog
300 _a191 p.
650 _aFOTOGRAFÍA
942 _cBK
999 _c10358
_d10358